000 00459nam a2200169Ia 4500
999 _c393
_d393
003 OSt
005 20210907125056.0
008 190216s9999||||xx |||||||||||||| ||und||
040 _coclc
082 _a892.74
_bNAD/B
100 _aNadwi, Abul Hasan Ali
_92085
245 0 _aBaina Al Dini :
_bWa Al Madniyyath
260 _bMucissasathal Risalah,
300 _a125p
650 _aArabic
942 _cBK
_2ddc
_h892.74
_iNAD/B
_k892.74
_mNAD/B